| 000 | 00508nam a2200193 i 4500 | ||
|---|---|---|---|
| 001 | 28342 | ||
| 003 | ES-MaACL | ||
| 005 | 20250829122928.0 | ||
| 007 | t| | ||
| 008 | 030117s1930 fr ||||1| fre d | ||
| 100 | 1 |
_aBain, Alexander. _924726 |
|
| 245 | 1 | 3 |
_aLa science de l'education / _cpar Alexander Bain. |
| 250 | _a4ème ed. | ||
| 260 |
_aParis : _bP. Brodard, _c1930. |
||
| 300 |
_a328 p. ; _c22 cm. |
||
| 650 | 0 | 7 |
_aDidáctica _2embne _911880 |
| 852 |
_aES-MaACL _jB-5065 |
||
| 999 |
_c28342 _d28342 |
||